| 000 | 00618nam a2200241Ia 4500 | ||
|---|---|---|---|
| 003 | OSt | ||
| 005 | 20221005042545.0 | ||
| 006 | a|||||r|||| 00| 0 | ||
| 007 | ta | ||
| 008 | 221004b |||||||| |||| 00| 0 eng d | ||
| 024 | _a51263 | ||
| 037 | _cTextual | ||
| 040 |
_aCRL _cCRL _beng |
||
| 041 |
_2eng _aeng |
||
| 082 | _aQ2:31(N).2, L9 | ||
| 100 | _aSinha Kanchan | ||
| 245 | 0 | _aKarttikeya in Indian art and literature | |
| 260 |
_aDelhio _bSundeep _c1979 |
||
| 300 |
_a175p _ccm. |
||
| 650 | _aRELIGION | ||
| 942 |
_hQ2:31(N).2, L9 _cTEXL _2cc |
||
| 999 |
_c950402 _d950402 |
||